|
|
|
|
| LEADER |
00000nam a22000007a 4500 |
| 005 |
20191015215842.0 |
| 007 |
cr|||| |||| |
| 008 |
191015s2018 co |||||s|||| 00||0 spa d |
| 020 |
|
|
|a 978-958-760-102-2
|
| 035 |
|
|
|a 30538
|
| 040 |
|
|
|a vLex
|
| 090 |
|
|
|c 9826
|d 9826
|
| 100 |
1 |
|
|a Ayuso, Anna
|
| 245 |
1 |
2 |
|a El interregionalismo de la Unin̤ Europea (UE) con Amřica Latina
|h [Recurso electrn̤ico] /
|c Anna Ayuso, Sergio Caballero
|
| 256 |
|
|
|a Servicio en ln̕ea
|
| 260 |
|
|
|a Bogot:̀
|b Ediciones Universidad Cooperativa de Colombia,
|c 2018
|
| 300 |
|
|
|a 1 recurso electrn̤ico
|
| 506 |
1 |
|
|a Disponible solo en los productos indicados
|d vLex Global
|d vLex Global (Academic Edition, excluding Law Schools)
|d vLex Global (U.S. Academic Edition, Law Schools)
|d vLex Global (U.S. Academic Edition, excluding Law Schools)
|d vLex Global (Academic Edition, Law Schools)
|
| 650 |
0 |
4 |
|a Derecho Internacional
|z Colombia
|
| 700 |
1 |
|
|a Caballero, Sergio
|
| 740 |
0 |
|
|a vLex Libros (Servicio en ln̕ea)
|
| 856 |
4 |
0 |
|u http://vlex.com/source/interregionalismo-union-europea-ue-america-latina-30538
|z Acceso restringido
|
| 942 |
|
|
|c BOOK
|
| 999 |
0 |
|
|a International right
|